000 00291nam a22001217a 4500
999 _c15317
_d15317
020 _a0706928105
082 _a631.587
_bMIC/IR
100 _aMICHAEL, A. M
_9114
245 _aIrrigation theory and practice
260 _aNew Delhi
_bVani Educational Books
_c1985
300 _a801
942 _cBK